[Event "Play for Durgesh Fundraiser Blitz"]
[Site "Vishy Anand Arena"]
[Date "2020.09.19"]
[Round "5"]
[White "Aagam aditya e"]
[Black "Superman1"]
[Result "1-0"]
[WhiteElo "1702"]
[BlackElo "1628"]
[Annotator "NA"]
[PlyCount "47"]
[EventDate "2020.09.19"]
[EventType "swiss (blitz)"]

1. e4 e5 2. Nf3 Nc6 3. Nc3 Bc5 4. Nxe5 Nxe5 5. d4 Bxd4 6. Qxd4 d6 7. f4 Nc6 8. Qxg7 Qf6 9. Qxf6 Nxf6 10. Bb5 Bd7 11. O-O O-O-O 12. Be3 Rhg8 13. Nd5 Nxd5 14. exd5 Bh3 15. dxc6 Rxg2+ 16. Kh1 Rxc2 17. cxb7+ Kxb7 18. Rfc1 Rxb2 19. Bc6+ Kc8 20. Bxa7 d5 21. Rab1 Bg2+ 22. Kg1 Rxb1 23. Rxb1 Rg8 24. Rb8# 1-0

[Event "Play for Durgesh Fundraiser Blitz"]
[Site "Vishy Anand Arena"]
[Date "2020.09.19"]
[Round "5"]
[White "Lightning McQueen"]
[Black "Dev11"]
[Result "0-1"]
[WhiteElo "1700"]
[BlackElo "1693"]
[Annotator "NA"]
[PlyCount "132"]
[EventDate "2020.09.19"]
[EventType "swiss (blitz)"]

1. e4 c5 2. Nf3 g6 3. d4 cxd4 4. Nxd4 Bg7 5. Nc3 Nc6 6. Be3 Nf6 7. Bc4 O-O 8. O-O d6 9. h3 Bd7 10. Bb3 Rc8 11. Re1 a6 12. Qd2 b5 13. a3 Ne5 14. Bh6 Qb6 15. Bxg7 Kxg7 16. Rad1 a5 17. Nd5 Nxd5 18. exd5 a4 19. Ba2 Rfe8 20. c3 Nc4 21. Bxc4 Rxc4 22. Qe3 Qc5 23. Qg5 h6 24. Qe3 Qc7 25. Qd3 Kg8 26. Re2 Qd8 27. Rde1 Kg7 28. Re4 f5 29. Ne6+ Bxe6 30. Rxe6 Qc7 31. Qg3 g5 32. Qe3 f4 33. Rxe7+ Rxe7 34. Qxe7+ Qxe7 35. Rxe7+ Kf6 36. Re6+ Kg7 37. Rxd6 Rc5 38. f3 h5 39. Kf2 Kf7 40. Ke2 Ke7 41. Rh6 h4 42. Rh5 Rxd5 43. Rh7+ Kd6 44. Rh6+ Kc5 45. Rg6 Re5+ 46. Kd2 Kc4 47. Rc6+ Kb3 48. Rb6 Kxb2 49. Rg6 Kxa3 50. Rb6 Kb3 51. Kd3 a3 52. Kd4 a2 53. Kxe5 a1=Q 54. Rxb5+ Kc4 55. Rd5 Qxc3+ 56. Ke6 Qe1+ 57. Re5 Qg3 58. Kf5 Qxg2 59. Re6 Kd5 60. Rg6 Qxf3 61. Rxg5 Qg3 62. Rg4 Qxg4+ 63. hxg4 h3 64. g5 h2 65. g6 h1=Q 66. g7 Qg2 0-1

[Event "Play for Durgesh Fundraiser Blitz"]
[Site "Vishy Anand Arena"]
[Date "2020.09.19"]
[Round "5"]
[White "Aniketmohapatra"]
[Black "enthusiast"]
[Result "1-0"]
[WhiteElo "1696"]
[BlackElo "1627"]
[Annotator "NA"]
[PlyCount "109"]
[EventDate "2020.09.19"]
[EventType "swiss (blitz)"]

1. d4 Nf6 2. c4 e5 3. dxe5 Ng4 4. Nf3 Nc6 5. Nc3 Ngxe5 6. e3 Nxf3+ 7. Qxf3 Be7 8. b3 O-O 9. Bb2 Bf6 10. Bd3 Ne5 11. Qe2 Nxd3+ 12. Qxd3 d6 13. O-O Be6 14. Rad1 Qe7 15. Nd5 Bxd5 16. Bxf6 Qxf6 17. Qxd5 Qb2 18. Rd2 Qc3 19. Rfd1 h6 20. Qxb7 a5 21. Qxc7 a4 22. Qxd6 axb3 23. axb3 Qxb3 24. Qd3 Qxd3 25. Rxd3 Ra2 26. h3 Rc8 27. Rd8+ Rxd8 28. Rxd8+ Kh7 29. Rd7 f6 30. c5 Rc2 31. Rd5 Kg6 32. f3 Kf7 33. e4 g6 34. Kh2 h5 35. Kg3 Ke6 36. Rd6+ Ke7 37. Rd5 Ke6 38. f4 Rc3+ 39. Kf2 Rc2+ 40. Kg3 Rc3+ 41. Kh2 Re3 42. Rd4 Rc3 43. Kg1 Rxc5 44. Kf2 Rc2+ 45. Kf3 Rc3+ 46. Kf2 Rc2+ 47. Kg1 Rc1+ 48. Kh2 Rc2 49. h4 Rb2 50. Rc4 Re2 51. Rc6+ Ke7 52. e5 fxe5 53. fxe5 Rxe5 54. Rxg6 Kf7 55. Rg3 1-0

[Event "Play for Durgesh Fundraiser Blitz"]
[Site "Vishy Anand Arena"]
[Date "2020.09.19"]
[Round "5"]
[White "Rosh161011"]
[Black "Hrishikeshrr"]
[Result "1-0"]
[WhiteElo "1694"]
[BlackElo "1707"]
[Annotator "NA"]
[PlyCount "71"]
[EventDate "2020.09.19"]
[EventType "swiss (blitz)"]

1. e4 c5 2. Nf3 d6 3. d4 cxd4 4. Nxd4 Nf6 5. Bb5+ Bd7 6. Bxd7+ Qxd7 7. Nc3 Nc6 8. O-O g6 9. Bg5 Bg7 10. Nxc6 bxc6 11. f4 Rb8 12. Qe2 O-O 13. Rad1 Qb7 14. e5 Nd5 15. Nxd5 cxd5 16. c3 Qxb2 17. Qxb2 Rxb2 18. Bxe7 Re8 19. Bxd6 Rxa2 20. Rxd5 f6 21. c4 fxe5 22. fxe5 Re2 23. c5 Bxe5 24. Rc1 Bb2 25. Rb1 Rc2 26. c6 Ree2 27. c7 Rxg2+ 28. Kh1 Rge2 29. Rc5 Rxc5 30. Bxc5 Be5 31. c8=Q+ Kf7 32. Qf8+ Ke6 33. Qe7+ Kd5 34. Rd1+ Ke4 35. Qh4+ Kf3 36. Qh3+ 1-0

[Event "Play for Durgesh Fundraiser Blitz"]
[Site "Vishy Anand Arena"]
[Date "2020.09.19"]
[Round "5"]
[White "Uddipanroy"]
[Black "Soham Sheogekar"]
[Result "1-0"]
[WhiteElo "1683"]
[BlackElo "1621"]
[Annotator "NA"]
[PlyCount "101"]
[EventDate "2020.09.19"]
[EventType "swiss (blitz)"]

1. e4 c5 2. Nc3 Nc6 3. g3 d6 4. Bg2 Nf6 5. d3 e5 6. h3 Be7 7. Nge2 O-O 8. O-O Be6 9. Kh2 Nd4 10. f4 Nxe2 11. Qxe2 exf4 12. Bxf4 d5 13. exd5 Nxd5 14. Be5 f6 15. Bxf6 Bxf6 16. Qxe6+ Kh8 17. Nxd5 Bxb2 18. Rxf8+ Qxf8 19. Rf1 Qe8 20. Qxe8+ Rxe8 21. Nc7 Rc8 22. Bxb7 Rb8 23. Bd5 g6 24. Rf7 Rc8 25. Ne6 Rb8 26. Bb3 Re8 27. Nc7 Rc8 28. Ne6 Re8 29. Rf8+ Rxf8 30. Nxf8 Kg7 31. Nd7 h6 32. Nxc5 Bd4 33. Ne6+ Kf6 34. Nxd4 h5 35. Nc6 a6 36. Nb8 a5 37. Nc6 a4 38. Bxa4 g5 39. Bb3 g4 40. hxg4 hxg4 41. Nd4 Kg5 42. Ne6+ Kh5 43. a4 Kh6 44. a5 Kh7 45. a6 Kh6 46. a7 Kh5 47. a8=Q Kh6 48. Qf8+ Kh5 49. Qf5+ Kh6 50. Qg5+ Kh7 51. Qg7# 1-0

[Event "Play for Durgesh Fundraiser Blitz"]
[Site "Vishy Anand Arena"]
[Date "2020.09.19"]
[Round "5"]
[White "BalbirSinghRana"]
[Black "SAIPRAKASHREDDY"]
[Result "1-0"]
[WhiteElo "1680"]
[BlackElo "1232"]
[Annotator "NA"]
[PlyCount "67"]
[EventDate "2020.09.19"]
[EventType "swiss (blitz)"]

1. e4 e5 2. Nf3 Nc6 3. Bc4 Bc5 4. b4 Bxb4 5. c3 Bc5 6. d4 exd4 7. cxd4 Bxd4 8. Nxd4 Nxd4 9. Qxd4 Nh6 10. Bxh6 d6 11. Qxg7 Rf8 12. Qxf8+ Kd7 13. Qxf7+ Kc6 14. Qd5+ Kd7 15. Qe6+ Kc6 16. Qd5+ Kd7 17. Nc3 c6 18. Qf7+ Qe7 19. Be6+ Kd8 20. Qg8+ Qe8 21. Bg5+ Kc7 22. Qxe8 Rb8 23. Qe7+ Kb6 24. Na4+ Ka5 25. Bd2+ Kxa4 26. Bb3+ Kb5 27. Rb1 Bg4 28. Qxd6 a5 29. Qd3+ Kb6 30. Be6+ Ka7 31. Be3+ b6 32. Qd7+ Rb7 33. Bxb6+ Ka6 34. Bc4# 1-0

[Event "Play for Durgesh Fundraiser Blitz"]
[Site "Vishy Anand Arena"]
[Date "2020.09.19"]
[Round "5"]
[White "Nagaramchess"]
[Black "Gonda"]
[Result "0-1"]
[WhiteElo "1674"]
[BlackElo "1567"]
[Annotator "NA"]
[PlyCount "51"]
[EventDate "2020.09.19"]
[EventType "swiss (blitz)"]

1. e4 c5 2. Nf3 d6 3. d4 cxd4 4. Nxd4 Nf6 5. Nc3 a6 6. a4 e5 7. Nb3 Be6 8. Be2 Be7 9. O-O O-O 10. f4 exf4 11. Bxf4 Nc6 12. Nd5 Nxe4 13. Nxe7+ Nxe7 14. Bf3 d5 15. Bxe4 dxe4 16. Qe2 Qd5 17. Rad1 Qc6 18. Rfe1 f5 19. Bd6 Rfe8 20. Qh5 Ng6 21. Bg3 Rad8 22. Qxf5 Bxf5 23. Nd4 Qf6 24. Nxf5 Qxf5 25. Rxd8 Rxd8 26. Bc7 0-1

[Event "Play for Durgesh Fundraiser Blitz"]
[Site "Vishy Anand Arena"]
[Date "2020.09.19"]
[Round "5"]
[White "TOY 2"]
[Black "Scorpion29"]
[Result "0-1"]
[WhiteElo "1674"]
[BlackElo "1742"]
[Annotator "NA"]
[PlyCount "104"]
[EventDate "2020.09.19"]
[EventType "swiss (blitz)"]

1. d4 Nf6 2. Bf4 d5 3. e3 c5 4. c3 Qb6 5. Qc2 Nc6 6. Nd2 Bg4 7. f3 Bh5 8. Bd3 Bg6 9. Bxg6 hxg6 10. Ne2 e6 11. O-O Rc8 12. Qb1 cxd4 13. exd4 Ne7 14. Ng3 Nf5 15. Nxf5 gxf5 16. Nb3 Bd6 17. Bxd6 Qxd6 18. f4 Ne4 19. Qd1 Qe7 20. Nd2 Qh4 21. Nf3 Qxf4 22. Qa4+ Ke7 23. Qxa7 Qb8 24. Qxb8 Rxb8 25. Ne5 Rh6 26. a4 f6 27. Nf3 g5 28. a5 g4 29. Ne1 Rbh8 30. Rf4 Rxh2 31. Kf1 Rh1+ 32. Ke2 e5 33. dxe5 fxe5 34. Rxf5 Ng3+ 35. Kf2 Nxf5 36. Rd1 Ke6 37. b4 e4 38. b5 e3+ 39. Ke2 Ke5 40. a6 bxa6 41. bxa6 Ke4 42. Ra1 Ng3+ 43. Kd1 e2+ 44. Kd2 d4 45. cxd4 Kxd4 46. a7 Ra8 47. Nc2+ Ke4 48. Rxh1 Nxh1 49. Kxe2 Rxa7 50. Ne3 Ra2+ 51. Kf1 Kxe3 52. Kg1 g3 0-1

[Event "Play for Durgesh Fundraiser Blitz"]
[Site "Vishy Anand Arena"]
[Date "2020.09.19"]
[Round "5"]
[White "Shivakrishna1990"]
[Black "Shivanthm"]
[Result "0-1"]
[WhiteElo "1671"]
[BlackElo "1528"]
[Annotator "NA"]
[PlyCount "52"]
[EventDate "2020.09.19"]
[EventType "swiss (blitz)"]

1. e4 c5 2. Nf3 d6 3. c3 Nf6 4. Be2 Bd7 5. O-O e6 6. d3 Be7 7. Be3 O-O 8. Nbd2 Nc6 9. a4 a6 10. Nc4 Qc7 11. a5 d5 12. exd5 exd5 13. Nb6 Rad8 14. Qb3 Bf5 15. Nh4 Be6 16. f4 d4 17. c4 dxe3 18. f5 Bc8 19. Rac1 Nxa5 20. Nd5 Nxd5 21. Qc2 Nf4 22. Bf3 Bxh4 23. g3 Rxd3 24. gxh4 Rd2 25. Qc3 Nh3+ 26. Kh1 Qxh2# 0-1

[Event "Play for Durgesh Fundraiser Blitz"]
[Site "Vishy Anand Arena"]
[Date "2020.09.19"]
[Round "5"]
[White "Theflyingmachine"]
[Black "Conqueror007"]
[Result "0-1"]
[WhiteElo "1668"]
[BlackElo "1281"]
[Annotator "NA"]
[PlyCount "56"]
[EventDate "2020.09.19"]
[EventType "swiss (blitz)"]

1. e4 c5 2. c3 Nc6 3. d4 cxd4 4. cxd4 e6 5. f4 d5 6. e5 Nge7 7. Nf3 Nf5 8. Bb5 Be7 9. O-O O-O 10. Qc2 Ncxd4 11. Nxd4 Nxd4 12. Qd3 Qb6 13. Be3 Bc5 14. Bxd4 Bxd4+ 15. Kh1 a6 16. Ba4 Bxb2 17. Bc2 g6 18. Nd2 Bxa1 19. Rf3 Qd4 20. Qe2 b5 21. Nb3 Qb2 22. Nxa1 Qxa1+ 23. Rf1 Qxa2 24. Qd3 Qc4 25. Qxc4 bxc4 26. Rf3 d4 27. Be4 Rb8 28. Ra3 Bd7 0-1

[Event "Play for Durgesh Fundraiser Blitz"]
[Site "Vishy Anand Arena"]
[Date "2020.09.19"]
[Round "5"]
[White "fluffyfly"]
[Black "Abhishek20082000"]
[Result "1-0"]
[WhiteElo "1651"]
[BlackElo "1512"]
[Annotator "NA"]
[PlyCount "47"]
[EventDate "2020.09.19"]
[EventType "swiss (blitz)"]

1. e4 e6 2. d4 d5 3. Nc3 Nf6 4. e5 Nfd7 5. f4 c5 6. Nf3 Qb6 7. dxc5 Bxc5 8. Bd3 Bf2+ 9. Ke2 Bc5 10. Re1 Nc6 11. Kf1 Nf8 12. Ng5 Ng6 13. Qg4 Bg1 14. Re2 Bxh2 15. Be3 Qxb2 16. Rb1 Qxc3 17. Qh3 Bxf4 18. Bxf4 Nxf4 19. Qf3 O-O 20. Qxf4 Nd4 21. Bxh7+ Kh8 22. Qh4 g6 23. Bxg6+ Kg7 24. Qh7# 1-0

[Event "Play for Durgesh Fundraiser Blitz"]
[Site "Vishy Anand Arena"]
[Date "2020.09.19"]
[Round "5"]
[White "Khs95"]
[Black "Chessrover"]
[Result "1-0"]
[WhiteElo "1650"]
[BlackElo "1620"]
[Annotator "NA"]
[PlyCount "65"]
[EventDate "2020.09.19"]
[EventType "swiss (blitz)"]

1. b3 d5 2. Bb2 Nf6 3. f4 g6 4. Nf3 Bg7 5. d3 O-O 6. Nbd2 c5 7. e4 dxe4 8. dxe4 Re8 9. Bc4 e6 10. O-O Bd7 11. h3 b5 12. Bd3 Qc8 13. Qe1 Na6 14. a3 Rb8 15. g4 Rd8 16. g5 Ne8 17. Ne5 Nd6 18. Rb1 c4 19. bxc4 bxc4 20. Nexc4 Nxc4 21. Nxc4 Bxb2 22. Rxb2 Rxb2 23. Nxb2 Nc5 24. Nc4 Nxd3 25. cxd3 Bb5 26. Ne5 Qa6 27. Ng4 Bxd3 28. Nf6+ Kg7 29. Rf3 Qb6+ 30. Kh2 h5 31. gxh6+ Kxf6 32. Qh4+ g5 33. Qxg5# 1-0

[Event "Play for Durgesh Fundraiser Blitz"]
[Site "Vishy Anand Arena"]
[Date "2020.09.19"]
[Round "5"]
[White "NJ2004"]
[Black "ArkaCHESS"]
[Result "0-1"]
[WhiteElo "1648"]
[BlackElo "1493"]
[Annotator "NA"]
[PlyCount "56"]
[EventDate "2020.09.19"]
[EventType "swiss (blitz)"]

1. e4 c5 2. Nf3 d6 3. d4 cxd4 4. Nxd4 Nf6 5. Nc3 a6 6. Bg5 e6 7. f4 Qb6 8. Qd2 Qxb2 9. Rb1 Qa3 10. Bb5+ Bd7 11. Bxd7+ Nbxd7 12. Rxb7 Rb8 13. Rxb8+ Nxb8 14. O-O d5 15. e5 Nfd7 16. Nb3 Bb4 17. Qd3 Bxc3 18. Qxc3 O-O 19. Rf3 Qxa2 20. Be7 Re8 21. Bd6 Qa4 22. Qd3 Qc6 23. Rh3 h6 24. f5 Qb6+ 25. Kf1 Nc6 26. f6 Ndxe5 27. Rxh6 Nxd3 28. fxg7 Qf2# 0-1

[Event "Play for Durgesh Fundraiser Blitz"]
[Site "Vishy Anand Arena"]
[Date "2020.09.19"]
[Round "5"]
[White "Tusharsawant91"]
[Black "Harry Grieve"]
[Result "0-1"]
[WhiteElo "1646"]
[BlackElo "1966"]
[Annotator "NA"]
[PlyCount "76"]
[EventDate "2020.09.19"]
[EventType "swiss (blitz)"]

1. e4 c6 2. Nf3 d5 3. e5 Bg4 4. d4 c5 5. c3 Nc6 6. Be2 e6 7. O-O Qb6 8. dxc5 Bxc5 9. h3 Bxf3 10. Bxf3 Nxe5 11. Be2 Nf6 12. Nd2 O-O 13. Nb3 Be7 14. Nd4 Ne4 15. Nf3 Nxf3+ 16. Bxf3 Rfd8 17. Qe2 Nf6 18. Bg5 Rac8 19. Bxf6 Bxf6 20. Rab1 Rc4 21. Rfe1 g6 22. Qe3 Qxe3 23. Rxe3 Rdc8 24. Be2 Ra4 25. a3 a6 26. Bd3 d4 27. cxd4 Rxd4 28. Rf3 Kg7 29. Be2 Rd2 30. Bd3 Rxb2 31. Rxb2 Bxb2 32. a4 Rc1+ 33. Kh2 f5 34. Rg3 Be5 35. Bxf5 Bxg3+ 36. Kxg3 gxf5 37. f3 Kf6 38. Kf4 Rc3 0-1

[Event "Play for Durgesh Fundraiser Blitz"]
[Site "Vishy Anand Arena"]
[Date "2020.09.19"]
[Round "5"]
[White "Srikant Nayak"]
[Black "Chess98c"]
[Result "1-0"]
[WhiteElo "1642"]
[BlackElo "1625"]
[Annotator "NA"]
[PlyCount "47"]
[EventDate "2020.09.19"]
[EventType "swiss (blitz)"]

1. e4 e5 2. Nf3 Nc6 3. Bc4 d6 4. d4 exd4 5. Nxd4 Nxd4 6. Qxd4 Be6 7. f4 Bxc4 8. Qxc4 Qd7 9. Nc3 Nf6 10. h3 O-O-O 11. Bd2 Nh5 12. O-O-O g6 13. Be3 Kb8 14. Qd4 c5 15. Qxh8 Bg7 16. Qxh7 Bxc3 17. bxc3 Qa4 18. Qxf7 Qxe4 19. Bf2 Qa4 20. Qb3 Qxf4+ 21. Kb1 Qxf2 22. Rhf1 Qg3 23. Rf7 b6 24. Qd5 1-0

[Event "Play for Durgesh Fundraiser Blitz"]
[Site "Vishy Anand Arena"]
[Date "2020.09.19"]
[Round "5"]
[White "chessking2003 qw"]
[Black "Chess chess"]
[Result "1-0"]
[WhiteElo "1637"]
[BlackElo "1401"]
[Annotator "NA"]
[PlyCount "53"]
[EventDate "2020.09.19"]
[EventType "swiss (blitz)"]

1. e4 e5 2. Nf3 Nc6 3. d4 exd4 4. Bc4 d6 5. Nxd4 Nf6 6. Nc3 Nxd4 7. Qxd4 Be6 8. Bb3 Bxb3 9. axb3 Be7 10. f3 O-O 11. Be3 Nd7 12. O-O-O f5 13. Qd5+ Kh8 14. exf5 c6 15. Qe4 d5 16. Qg4 Ne5 17. Qh3 Qc8 18. g4 Qc7 19. Qg3 g6 20. f4 gxf5 21. fxe5 fxg4 22. Rdf1 Rf2 23. Rxf2 Qxe5 24. Qxe5+ Bf6 25. Qxf6+ Kg8 26. Bh6 Rf8 27. Qxf8# 1-0

[Event "Play for Durgesh Fundraiser Blitz"]
[Site "Vishy Anand Arena"]
[Date "2020.09.19"]
[Round "5"]
[White "Evilgenuisfanop2"]
[Black "HarshPandit"]
[Result "0-1"]
[WhiteElo "1631"]
[BlackElo "1630"]
[Annotator "NA"]
[PlyCount "88"]
[EventDate "2020.09.19"]
[EventType "swiss (blitz)"]

1. e4 e5 2. Bc4 Nf6 3. Qf3 Nc6 4. Qg3 Nxe4 5. Qf3 Nf6 6. Qg3 d5 7. Bb5 Qd6 8. Bxc6+ bxc6 9. d3 g6 10. Bg5 Bg7 11. Nc3 O-O 12. Nf3 e4 13. Qxd6 cxd6 14. dxe4 Nxe4 15. Nxe4 dxe4 16. Nd2 Bxb2 17. Rb1 Bc3 18. O-O d5 19. Rb3 Bxd2 20. Bxd2 Ba6 21. Rfb1 Bc4 22. Rb5 cxb5 23. f3 exf3 24. gxf3 Bxa2 25. Ra1 Bc4 26. Rb1 a5 27. Ra1 a4 28. Rb1 a3 29. Rc1 a2 30. Ra1 Ra3 31. Bc3 Rxc3 32. Re1 Rxc2 33. Ra1 Rb2 34. f4 Rb1+ 35. Kf2 Rxa1 36. f5 Rf1+ 37. Kg2 a1=Q 38. fxg6 Qb2+ 39. Kg3 Qf2+ 40. Kh3 Qf3+ 41. Kh4 fxg6 42. h3 Rf4+ 43. Kg5 Rg1+ 44. Kh6 Qh5# 0-1

[Event "Play for Durgesh Fundraiser Blitz"]
[Site "Vishy Anand Arena"]
[Date "2020.09.19"]
[Round "5"]
[White "Sragvidhanvi"]
[Black "Anirudhha"]
[Result "0-1"]
[WhiteElo "1627"]
[BlackElo "2086"]
[Annotator "NA"]
[PlyCount "84"]
[EventDate "2020.09.19"]
[EventType "swiss (blitz)"]

1. d4 d5 2. Bf4 Nf6 3. e3 e6 4. c3 Bd6 5. Bg3 b6 6. Nf3 Bb7 7. Bd3 Nbd7 8. Nbd2 Qe7 9. Qe2 e5 10. dxe5 Nxe5 11. Nxe5 Bxe5 12. Bxe5 Qxe5 13. Nf3 Qd6 14. O-O O-O 15. Rfd1 Rfe8 16. c4 dxc4 17. Bxc4 Qc5 18. Rac1 Qh5 19. Bd3 c5 20. Bc2 Rad8 21. Bb3 h6 22. Rxd8 Rxd8 23. Rd1 Re8 24. Rd2 Bc6 25. Qd1 Kh7 26. Bc2+ Kg8 27. Rd8 Bxf3 28. gxf3 Qg5+ 29. Kf1 Qe5 30. Rxe8+ Qxe8 31. Qd3 g6 32. f4 Kg7 33. Qa6 Qd7 34. Ba4 Qh3+ 35. Ke2 Qg4+ 36. Kd3 Qf3 37. Qxa7 Qxf2 38. Qxb6 Qf1+ 39. Kd2 Ne4+ 40. Kc2 Qc4+ 41. Kb1 Nd2+ 42. Ka1 Qc1# 0-1

[Event "Play for Durgesh Fundraiser Blitz"]
[Site "Vishy Anand Arena"]
[Date "2020.09.19"]
[Round "5"]
[White "Sushruthareddy"]
[Black "Santy18389"]
[Result "1-0"]
[WhiteElo "1626"]
[BlackElo "1717"]
[Annotator "NA"]
[PlyCount "35"]
[EventDate "2020.09.19"]
[EventType "swiss (blitz)"]

1. e4 e5 2. Nf3 Nf6 3. Nc3 Nc6 4. d4 exd4 5. Nxd4 Bb4 6. Nxc6 bxc6 7. Bd3 d5 8. exd5 Nxd5 9. O-O Nxc3 10. bxc3 Bxc3 11. Rb1 Be6 12. Qf3 Qd5 13. Be4 Qc5 14. Bxc6+ Ke7 15. Bxa8 Bxa2 16. Qe4+ Be6 17. Rb3 Ba5 18. Ba3 1-0

[Event "Play for Durgesh Fundraiser Blitz"]
[Site "Vishy Anand Arena"]
[Date "2020.09.19"]
[Round "5"]
[White "Adit pushan"]
[Black "Kakashi Hatake"]
[Result "0-1"]
[WhiteElo "1625"]
[BlackElo "1420"]
[Annotator "NA"]
[PlyCount "116"]
[EventDate "2020.09.19"]
[EventType "swiss (blitz)"]

1. e4 e6 2. d4 d5 3. Nc3 Bb4 4. e5 Ne7 5. a3 Bxc3+ 6. bxc3 c5 7. Bd2 Nbc6 8. Nf3 Qb6 9. Rb1 Qa5 10. Qc1 Qa4 11. Bb5 Qa5 12. c4 Qc7 13. cxd5 Nxd5 14. c4 Nde7 15. d5 exd5 16. cxd5 Nxd5 17. Qxc5 Nde7 18. Ba5 b6 19. Bxc6+ Qxc6 20. Qxc6+ Nxc6 21. Bc3 O-O 22. O-O Be6 23. Rfe1 Rac8 24. Ng5 Ne7 25. Nxe6 fxe6 26. Bb4 Rf7 27. Rbd1 Nd5 28. Bd6 Rc6 29. g3 Ne7 30. f4 Nf5 31. Bb4 Rc8 32. Kg2 a5 33. Bd2 Rfc7 34. Kf3 Nd4+ 35. Kf2 Rc2 36. Ke3 Nb3 37. Re2 Rd8 38. Kf2 Rdxd2 39. Rexd2 Rxd2+ 40. Rxd2 Nxd2 41. Ke3 Nc4+ 42. Kd4 Nxa3 43. Kc3 b5 44. Kb3 b4 45. Kb2 a4 46. h3 Nc4+ 47. Kc2 b3+ 48. Kd3 b2 49. Kc3 b1=Q 50. Kd4 a3 51. Kc5 a2 52. Kc6 a1=Q 53. Kd7 Qa5 54. Kxe6 Qbb6+ 55. Kf5 Qd5 56. Kg4 Qbe6+ 57. Kh4 Qf3 58. g4 Qh6# 0-1

[Event "Play for Durgesh Fundraiser Blitz"]
[Site "Vishy Anand Arena"]
[Date "2020.09.19"]
[Round "5"]
[White "KaranAbbi"]
[Black "Hmota"]
[Result "0-1"]
[WhiteElo "1622"]
[BlackElo "1409"]
[Annotator "NA"]
[PlyCount "48"]
[EventDate "2020.09.19"]
[EventType "swiss (blitz)"]

1. c4 e5 2. Nc3 Nf6 3. Nf3 Nc6 4. e3 e4 5. Ng5 h6 6. Ngxe4 Nxe4 7. Nxe4 Qe7 8. Nc3 d6 9. d4 Nd8 10. Bd3 c6 11. O-O Ne6 12. Bc2 Bd7 13. d5 cxd5 14. Nxd5 Qd8 15. b3 Be7 16. Bb2 O-O 17. Bf5 Bc6 18. Qg4 Ng5 19. h4 Bxd5 20. cxd5 Bf6 21. Bxf6 Qxf6 22. hxg5 Qxg5 23. Qxg5 hxg5 24. Rac1 g6 0-1

[Event "Play for Durgesh Fundraiser Blitz"]
[Site "Vishy Anand Arena"]
[Date "2020.09.19"]
[Round "5"]
[White "AAKASH M H"]
[Black "Arjunkhandelwal"]
[Result "0-1"]
[WhiteElo "1621"]
[BlackElo "1591"]
[Annotator "NA"]
[PlyCount "46"]
[EventDate "2020.09.19"]
[EventType "swiss (blitz)"]

1. e4 c5 2. Nf3 a6 3. d4 cxd4 4. Qxd4 Nc6 5. Qd1 e5 6. Bc4 b5 7. Bd5 Bb7 8. Ng5 Nh6 9. Qf3 f6 10. Nh3 Nd4 11. Qd1 Bxd5 12. exd5 Qc7 13. c3 Rc8 14. Bxh6 gxh6 15. cxd4 Bb4+ 16. Ke2 Qc4+ 17. Qd3 Qxd5 18. dxe5 Qxe5+ 19. Qe3 Rc2+ 20. Kf3 O-O 21. Qb3+ Rc4 22. Na3 Qe4+ 23. Kg3 Qg4# 0-1

[Event "Play for Durgesh Fundraiser Blitz"]
[Site "Vishy Anand Arena"]
[Date "2020.09.19"]
[Round "5"]
[White "Aarush_verma"]
[Black "Tanishagr"]
[Result "0-1"]
[WhiteElo "1620"]
[BlackElo "1440"]
[Annotator "NA"]
[PlyCount "50"]
[EventDate "2020.09.19"]
[EventType "swiss (blitz)"]

1. e4 e5 2. Qf3 Nf6 3. Bc4 Bc5 4. Nc3 O-O 5. d3 d6 6. Be3 Bxe3 7. fxe3 Nc6 8. d4 exd4 9. exd4 Nxd4 10. Qh3 Nxc2+ 11. Kf1 Nxa1 12. e5 dxe5 13. Bd3 h6 14. Qe3 Qe8 15. Nf3 Bg4 16. Nxe5 c6 17. Kf2 Be6 18. Ne4 Nxe4+ 19. Qxe4 g6 20. Ng4 Bxg4 21. Qxg4 Rd8 22. Be2 Rd2 23. Rxa1 Qe7 24. Qh3 Re8 25. Re1 Rxe2+ 0-1

[Event "Play for Durgesh Fundraiser Blitz"]
[Site "Vishy Anand Arena"]
[Date "2020.09.19"]
[Round "5"]
[White "Arnav_krishna"]
[Black "AVNEESH"]
[Result "1-0"]
[WhiteElo "1620"]
[BlackElo "1473"]
[Annotator "NA"]
[PlyCount "61"]
[EventDate "2020.09.19"]
[EventType "swiss (blitz)"]

1. e4 c5 2. c4 d6 3. d3 Nf6 4. Nc3 g6 5. Nf3 Bg7 6. g3 O-O 7. Bg2 Nc6 8. O-O Bd7 9. Bd2 Rc8 10. Nd5 a6 11. Bg5 e6 12. Nxf6+ Bxf6 13. Bh6 Re8 14. b3 Bxa1 15. Qxa1 f6 16. Be3 d5 17. cxd5 exd5 18. exd5 Nd4 19. Bxd4 cxd4 20. Qxd4 Kg7 21. Ng5 Kh6 22. Nf7+ Kg7 23. Nxd8 Rexd8 24. Re1 Kh6 25. Qf4+ Kg7 26. Re7+ Kg8 27. Qxf6 Rc1+ 28. Bf1 Rxf1+ 29. Kxf1 Bh3+ 30. Kg1 Rxd5 31. Qg7# 1-0

[Event "Play for Durgesh Fundraiser Blitz"]
[Site "Vishy Anand Arena"]
[Date "2020.09.19"]
[Round "5"]
[White "Chessison"]
[Black "Manasa_chess lady"]
[Result "0-1"]
[WhiteElo "1620"]
[BlackElo "1702"]
[Annotator "NA"]
[PlyCount "60"]
[EventDate "2020.09.19"]
[EventType "swiss (blitz)"]

1. d4 Nf6 2. c4 g6 3. Nf3 Bg7 4. e3 d6 5. Be2 O-O 6. O-O c5 7. Nbd2 Bf5 8. Nb3 Qc7 9. Bd2 Ne4 10. Be1 Nd7 11. Bd3 Ndf6 12. Nbd2 Nxd2 13. Qxd2 Bxd3 14. Qxd3 Rac8 15. Bc3 cxd4 16. Nxd4 Qxc4 17. Qxc4 Rxc4 18. Rac1 Rfc8 19. Bd2 Ne4 20. Rxc4 Rxc4 21. Ba5 Bxd4 22. exd4 Rxd4 23. Rc1 Nc5 24. b4 Ne6 25. b5 Ra4 26. Rc8+ Kg7 27. Bc3+ f6 28. Re8 Kf7 29. Rh8 Nf8 30. h3 Kg7 0-1

[Event "Play for Durgesh Fundraiser Blitz"]
[Site "Vishy Anand Arena"]
[Date "2020.09.19"]
[Round "5"]
[White "SidharthS"]
[Black "Aradhya"]
[Result "0-1"]
[WhiteElo "1620"]
[BlackElo "2346"]
[PlyCount "62"]
[EventDate "2020.09.19"]
[EventType "swiss (blitz)"]

1. f4 d5 2. Nf3 Nf6 3. d3 g6 4. g3 Bg7 5. Bg2 O-O 6. O-O b6 7. Qe1 Bb7 8. Nbd2 c5 9. e4 e6 10. e5 Nfd7 11. d4 Nc6 12. c3 cxd4 13. cxd4 Nb4 14. Qd1 Ba6 15. Rf2 Nd3 16. Rf1 Nxc1 17. Rxc1 Bxf1 18. Nxf1 Rc8 19. Ne3 Rxc1 20. Qxc1 Qc8 21. Qd2 Qa6 22. a3 Rc8 23. Bf1 Qa5 24. Qxa5 bxa5 25. Kf2 Nb6 26. Be2 Na4 27. Nd1 Rb8 28. Ke1 Bf8 29. Kd2 Nxb2 30. Nxb2 Rxb2+ 31. Ke3 Bxa3 0-1

[Event "Play for Durgesh Fundraiser Blitz"]
[Site "Vishy Anand Arena"]
[Date "2020.09.19"]
[Round "5"]
[White "Umsamarthrao"]
[Black "The ChessForce"]
[Result "*"]
[WhiteElo "1620"]
[BlackElo "1502"]
[Annotator "NA"]
[PlyCount "26"]
[EventDate "2020.09.19"]
[EventType "swiss (blitz)"]

1. e4 e5 2. Nf3 Nc6 3. Bc4 Bc5 4. c3 Nf6 5. d3 d6 6. h3 Be6 7. Bb5 O-O 8. O-O a6 9. Bxc6 bxc6 10. d4 exd4 11. cxd4 Bb6 12. Nc3 Ba5 13. Re1 d5 *

[Event "Play for Durgesh Fundraiser Blitz"]
[Site "Vishy Anand Arena"]
[Date "2020.09.19"]
[Round "5"]
[White "Wordsworth10"]
[Black "Pradosh"]
[Result "0-1"]
[WhiteElo "1620"]
[BlackElo "1501"]
[Annotator "NA"]
[PlyCount "38"]
[EventDate "2020.09.19"]
[EventType "swiss (blitz)"]

1. e4 e5 2. Nf3 d6 3. Bc4 Nc6 4. c3 Qf6 5. O-O Nh6 6. Bb5 Qe6 7. Bxc6+ bxc6 8. d4 Be7 9. d5 cxd5 10. exd5 Qf6 11. Nbd2 Qg6 12. Re1 Bh3 13. Nh4 Bxh4 14. Qf3 Bg4 15. Qe3 Rd8 16. h3 Bg5 17. Nf3 Bxe3 18. Bxe3 Bxf3 19. Kf1 Qxg2# 0-1